[Event "AUTO-OPEN-2182"]
[Site "http://www.queenalice.com/game.php?id=865886"]
[Date "2010.11.30"]
[Round "1"]
[White "sycv"]
[Black "kamikaze"]
[Result "0-1"]
[WhiteElo "1604"]
[BlackElo "2115"]

1. e4 e5 2. Nf3 d6 3. Bc4 h6 4. d4 exd4 5. Nxd4 a6 6. O-O c5 7. Nf5 Nf6 8. Bf4
Be7 9. Nxg7+ Kf8 10. Nf5 Bxf5 11. exf5 d5 12. Be2 Nc6 13. Bf3 Nd4 14. Re1 Nxf5
15. Be5 Rg8 16. Bxf6 Bxf6 17. c3 Ne7 18. Qe2 Qc7 19. Nd2 Re8 20. Nf1 Kg7 21. Bh5
Qd7 22. Qf3 Ng6 23. Ne3 d4 24. cxd4 Bxd4 25. Rad1 Qc7 26. Nf5+ Kh7 27. Rxe8 Rxe8
28. g3 Rd8 29. Kh1 Bxb2 30. Rxd8 Qxd8 31. Qxb7 Qf6 32. Ne3 Bd4 33. Ng4 Qf5 34.
Bxg6+ Qxg6 35. Qf3 c4 36. h4 c3 37. Nh2 c2 38. Qf4 Bb2 39. Kg2 c1=Q 40. Qf3 Qc4
41. h5 Qg5 42. Qd1 Qcd5+ 43. Qxd5 Qxd5+ 44. Nf3 Qxa2 0-1

[Event "AUTO-OPEN-2182"]
[Site "http://www.queenalice.com/game.php?id=865887"]
[Date "2010.11.30"]
[Round "1"]
[White "kamikaze"]
[Black "sycv"]
[Result "1-0"]
[WhiteElo "2126"]
[BlackElo "1604"]

1. d4 e6 2. c4 d5 3. cxd5 Qxd5 4. a3 Nf6 5. Nc3 Qa5 6. Bd2 Qb6 7. Bc1 Bd6 8. Nf3
Nc6 9. e4 Be7 10. Be2 O-O 11. O-O h6 12. Rb1 Rd8 13. Be3 Nb8 14. Qc2 Ng4 15. Bf4
Nd7 16. h3 Ngf6 17. Rfd1 c6 18. Be3 c5 19. Na4 Qc7 20. Rbc1 b6 21. dxc5 Bxc5 22.
Bxc5 bxc5 23. Nxc5 Nxc5 24. Rxd8+ Qxd8 25. Qxc5 Nxe4 26. Qc6 Qd5 27. Qe8+ Kh7
28. Rxc8 Rxc8 29. Qxc8 Nd6 30. Qc3 Ne4 31. Qc2 g6 32. Bd3 Nc5 33. Bb5 a6 34. Bc4
Qd6 35. b4 Nd7 36. Qd3 Qe7 37. Bxa6 Nf6 38. Bc4 Nh5 39. g3 Nf6 40. b5 e5 41. Qe3
e4 42. Nd2 Qe5 43. b6 h5 44. Bxf7 Kg7 45. Bc4 Qf5 46. b7 Qxh3 47. b8=Q Ng4 48.
Qc7+ Kf6 49. Qef4# 1-0

[Event "Challenge"]
[Site "http://www.queenalice.com/game.php?id=870183"]
[Date "2010.12.10"]
[Round "-"]
[White "pj"]
[Black "sycv"]
[Result "0-1"]
[WhiteElo "1412"]
[BlackElo "1400"]

1. Nc3 e5 2. e4 Nf6 3. Bc4 Nc6 4. Qf3 Nd4 5. Qd1 c6 6. Nf3 h6 7. Nxe5 Ne6 8. f4
d6 9. Nd3 Nc7 10. e5 Bg4 11. Ne2 Ne4 12. h3 Qh4+ 13. g3 Nxg3 14. Rg1 Nh1+ 15.
Kf1 Bxh3+ 16. Rg2 Qg4 17. Ng3 Qxd1+ 18. Ne1 Nxg3+ 19. Kf2 Bxg2 20. Nxg2 Nh1+ 21.
Ke3 dxe5 22. fxe5 Bc5+ 23. Kd3 O-O-O+ 24. Kc3 Bd4+ 25. Kb3 b5 26. Bxf7 Qf3+ 27.
Ne3 Qxf7+ 28. c4 Bxe3 29. dxe3 Qxc4+ 30. Ka3 Qa4# 0-1

[Event "Challenge"]
[Site "http://www.queenalice.com/game.php?id=870819"]
[Date "2010.12.12"]
[Round "-"]
[White "equus"]
[Black "sycv"]
[Result "1-0"]
[WhiteElo "1700"]
[BlackElo "1500"]

1. e4 e5 2. Nc3 Nf6 3. Bc4 Nc6 4. d3 h6 5. h3 Bc5 6. f4 d6 7. Nf3 Bb4 8. Bd2
exf4 9. Bxf4 Bxc3+ 10. bxc3 O-O 11. O-O Be6 12. Bb3 Na5 13. e5 Nxb3 14. cxb3 Nd5
15. Qd2 dxe5 16. Nxe5 Qh4 17. c4 Nxf4 18. Qxf4 Qxf4 19. Rxf4 g5 20. Rf6 Kg7 21.
Rf2 f6 22. Nf3 Rad8 23. Rd2 Bf5 24. d4 Be4 25. Rf1 h5 26. g3 Kg6 27. h4 Bxf3 28.
Rxf3 Rfe8 29. d5 Re4 30. hxg5 Kxg5 31. Rdf2 Rf8 32. Rf5+ Kg6 33. R5f4 Re3 34.
R4f3 Rxf3 35. Rxf3 Re8 36. Kf2 f5 37. Re3 Rxe3 38. Kxe3 Kg5 39. Kf3 b6 40. b4
Kf6 41. Kf4 Kg6 42. c5 bxc5 43. bxc5 Kf6 44. d6 cxd6 45. cxd6 Ke6 46. d7 Kxd7
47. Kxf5 Ke7 48. Kg5 Kf7 49. Kxh5 Kf6 50. g4 a5 51. a4 Kg7 52. Kg5 Kf7 53. Kf5
Ke7 54. Ke5 Kd7 55. Kd5 Kc7 56. g5 Kd7 57. Kc5 Ke6 58. Kb5 Kf5 59. Kxa5 Kxg5 60.
Kb6 Kf6 61. Kb7 1-0

[Event "DESASTRES AEREOS VIII"]
[Site "http://www.queenalice.com/game.php?id=874013"]
[Date "2010.12.19"]
[Round "-"]
[White "rogeriooliveira"]
[Black "sycv"]
[Result "0-1"]
[WhiteElo "1560"]
[BlackElo "1604"]

1. e4 e5 2. d4 exd4 3. Qxd4 Nc6 4. Qd5 Nf6 5. Qd3 Nb4 6. Qe2 h6 7. c3 Nc6 8. e5
Nd5 9. c4 Nb6 10. c5 Bxc5 11. Be3 Bb4+ 12. Kd1 Nd5 13. Bd2 O-O 14. Bxb4 Ndxb4
15. a3 Nd4 16. Qd2 Nbc2 17. Qxc2 Nxc2 18. Kxc2 d6 19. exd6 Qxd6 20. Nc3 Bf5+ 21.
Kb3 Qe6+ 22. Nd5 c6 23. Bc4 cxd5 24. Be2 a5 25. a4 d4+ 26. Ka3 d3 27. Bd1 d2 28.
Ra2 Rac8 29. b3 Qd6+ 30. Kb2 Rc1 31. Ne2 Qe5+ 32. Ka3 Qc5+ 33. Kb2 Rb1# 0-1

[Event "Challenge"]
[Site "http://www.queenalice.com/game.php?id=878021"]
[Date "2010.12.28"]
[Round "-"]
[White "Clemente"]
[Black "sycv"]
[Result "0-1"]
[WhiteElo "1454"]
[BlackElo "1469"]

1. d4 e6 2. e4 d5 3. e5 c5 4. Nf3 Nc6 5. Bb5 Qa5+ 6. Nc3 Bd7 7. Ng5 cxd4 8. Qf3
Nxe5 9. Qf4 f6 10. Nxe6 Bxb5 11. Nxf8 dxc3 12. b4 Qa6 13. Qd4 Kxf8 14. Qxd5 Ne7
15. Qc5 b6 16. Qxc3 Rc8 17. Qh3 Rxc2 18. Bd2 Nd3+ 19. Ke2 Nf4+ 20. Kd1 Nxh3 21.
Kxc2 Ba4+ 22. Kb2 Nxf2 23. Rhe1 Nd3+ 24. Ka3 Nxe1 25. Rxe1 Kf7 26. h4 Rc8 27. g4
Bd1+ 28. Kb2 Rc2+ 29. Kb1 Qxa2# 0-1

[Event "Challenge"]
[Site "http://www.queenalice.com/game.php?id=878542"]
[Date "2010.12.29"]
[Round "-"]
[White "sycv"]
[Black "pj"]
[Result "1-0"]
[WhiteElo "1534"]
[BlackElo "1422"]

1. e4 e5 2. Nf3 d6 3. h3 Nf6 4. Bc4 Nxe4 5. O-O d5 6. Bb3 Qd6 7. d3 Nc5 8. Re1
Ncd7 9. Bf4 f6 10. Nd4 c6 11. Nf5 Qc5 12. d4 Qa5 13. dxe5 fxe5 14. Bxe5 Na6 15.
Bc3+ Ne5 16. Rxe5+ Kf7 17. Bxa5 Kf6 18. f4 Bxf5 19. Bc3 Bd6 20. Rxd5+ Ke7 21.
Rxd6 Nb8 22. Bb4 Na6 23. Rd8+ c5 24. Qd6# 1-0

[Event "Discovery"]
[Site "http://www.queenalice.com/game.php?id=882914"]
[Date "2011.1.7"]
[Round "-"]
[White "sycv"]
[Black "Clemente"]
[Result "1-0"]
[WhiteElo "1575"]
[BlackElo "1551"]

1. e4 e6 2. d4 d6 3. Nf3 a5 4. Nc3 h5 5. h3 g6 6. Bc4 b6 7. O-O c5 8. dxc5 dxc5
9. Bb5+ Bd7 10. Bg5 Be7 11. Bxe7 Nxe7 12. Ne5 Ra7 13. Qf3 Rf8 14. Rad1 f5 15.
Rd6 fxe4 16. Qxe4 Nf5 17. Rxe6+ Qe7 18. Rxe7+ Nxe7 19. Nxg6 Rf7 20. Nd5 Bxb5 21.
Re1 Nc6 22. c4 Kd8 23. Ngxe7 Ba4 24. b3 Nxe7 25. bxa4 Nxd5 26. cxd5 Rae7 27. Qh4
Kd7 28. Rxe7+ Rxe7 29. Qxh5 c4 30. Qh6 c3 31. Qc6+ Kd8 32. Qxc3 Re4 33. Qh8+ Re8
34. Qf6+ Kc8 35. Qc6+ Kd8 36. d6 Re1+ 37. Kh2 Rd1 38. Qxb6+ Kd7 39. Qc7+ Ke6 40.
Qe7+ Kf5 41. d7 1-0

[Event "ACW"]
[Site "http://www.queenalice.com/game.php?id=885181"]
[Date "2011.1.12"]
[Round "-"]
[White "perucona"]
[Black "sycv"]
[Result "0-1"]
[WhiteElo "1535"]
[BlackElo "1611"]

1. e4 e5 2. d4 exd4 3. Qxd4 Nc6 4. Qd5 Nf6 5. Qd3 Bc5 6. Be3 Bxe3 7. Qxe3 O-O 8.
Bb5 Nb4 9. Qe2 Nxe4 10. c3 Nxc3 11. Nxc3 Re8 12. Qxe8+ Qxe8+ 13. Nge2 Nc2+ 14.
Kd1 Nxa1 15. Kd2 c6 16. Rxa1 cxb5 17. Nd1 Qe5 18. Rb1 d6 19. Ne3 Be6 20. h3 Bxa2
21. Ng4 Qd5+ 22. Kc2 Qe4+ 23. Kc1 Bxb1 24. Nc3 Qc2# 0-1

[Event "SENTA A PUA! III"]
[Site "http://www.queenalice.com/game.php?id=886414"]
[Date "2011.1.15"]
[Round "-"]
[White "rogeriooliveira"]
[Black "sycv"]
[Result "0-1"]
[WhiteElo "1227"]
[BlackElo "1630"]

1. e4 e5 2. d4 exd4 3. Qxd4 Nc6 4. Qd5 Nf6 5. Qd3 d6 6. Qe2 h6 7. Nf3 Bg4 8. Nc3
Nd4 9. Qd2 c5 10. Bb5+ Nd7 11. Bxd7+ Qxd7 12. Nxd4 cxd4 13. Qxd4 O-O-O 14. O-O
f6 15. Bf4 g5 16. Be3 b6 17. f3 Be6 18. f4 gxf4 19. Bf2 Rg8 20. g3 fxg3 21. hxg3
h5 22. Qxf6 Be7 23. Qf3 h4 24. Rae1 hxg3 25. Bxg3 Bh3 26. Rf2 Bh4 27. Kh2 Bxg3+
0-1

[Event "Odysses"]
[Site "http://www.queenalice.com/game.php?id=892594"]
[Date "2011.1.28"]
[Round "-"]
[White "Clemente"]
[Black "sycv"]
[Result "0-1"]
[WhiteElo "1478"]
[BlackElo "1617"]

1. c4 e5 2. Nc3 Nf6 3. d4 Bb4 4. e3 exd4 5. exd4 O-O 6. a3 Re8+ 7. Ne2 Bxc3+ 8.
bxc3 d5 9. cxd5 Nxd5 10. Qd3 Qf6 11. Qb5 c6 12. Qd3 Bf5 13. Qf3 Qe6 14. c4 Nf6
15. d5 cxd5 16. cxd5 Nxd5 17. Bb2 g6 18. g4 Bxg4 19. Qd3 Nf4 20. f3 Nxd3+ 0-1

[Event "Boa..."]
[Site "http://www.queenalice.com/game.php?id=895454"]
[Date "2011.2.3"]
[Round "-"]
[White "Tartcover"]
[Black "sycv"]
[Result "0-1"]
[WhiteElo "1610"]
[BlackElo "1578"]

1. d4 e6 2. c4 d5 3. Nc3 Bb4 4. Bd2 Nf6 5. Nf3 O-O 6. e3 h6 7. a3 Bxc3 8. Bxc3
Nc6 9. Bd3 Ne7 10. O-O b6 11. Ne5 c5 12. cxd5 exd5 13. dxc5 bxc5 14. Qc2 c4 15.
Be2 Rb8 16. Rad1 Qc7 17. f4 Ne4 18. Rf3 f6 19. Nxc4 dxc4 20. Bb4 Bf5 21. Bxc4+
Kh8 22. Rd4 Ng5 23. Qxf5 Nxf5 24. Bxf8 Nxf3+ 25. gxf3 Nxd4 0-1

[Event "Challenge"]
[Site "http://www.queenalice.com/game.php?id=896034"]
[Date "2011.2.4"]
[Round "-"]
[White "PRZ"]
[Black "sycv"]
[Result "0-1"]
[WhiteElo "1297"]
[BlackElo "1633"]

1. c3 e5 2. b3 d5 3. Qc2 Nc6 4. c4 Nf6 5. g3 Bb4 6. a3 Bc5 7. d3 Ng4 8. e3 Qf6
9. f3 Nxe3 10. Qd2 e4 11. Bb2 d4 12. fxe4 Qxf1# 0-1

[Event "Challenge"]
[Site "http://www.queenalice.com/game.php?id=900488"]
[Date "2011.2.14"]
[Round "-"]
[White "sunking"]
[Black "sycv"]
[Result "1-0"]
[WhiteElo "1678"]
[BlackElo "1620"]

1. d4 e6 2. e4 d5 3. e5 c5 4. c3 Qa5 5. Bd2 Qb6 6. Na3 Qxb2 7. Nc2 cxd4 8. cxd4
a6 9. Bd3 Qb6 10. Nf3 h6 11. Rb1 Qc7 12. O-O Nc6 13. Nb4 Nxb4 14. Bxb4 Bxb4 15.
Rxb4 Bd7 16. Qc1 1-0

[Event "Challenge"]
[Site "http://www.queenalice.com/game.php?id=900955"]
[Date "2011.2.15"]
[Round "-"]
[White "sycv"]
[Black "montelo"]
[Result "1-0"]
[WhiteElo "1603"]
[BlackElo "2185"]

1. e4 e5 2. d4 c6 3. Nf3 f6 4. dxe5 fxe5 5. Nxe5 Qa5+ 6. Nc3 Qxe5 7. Bd3 Bb4 8.
Bd2 Qf6 9. O-O d6 10. e5 dxe5 11. Ne4 Qf8 12. Qh5+ Kd8 13. Bxb4 Qxb4 14. Ng5 g6
15. Bxg6 Kc7 16. Bd3 Nf6 17. Qf7+ Nfd7 18. Bf5 h6 19. Ne6+ Kb6 20. c3 Qd6 21.
Rfd1 Rf8 22. Qg6 Qe7 23. Nxf8 Nxf8 24. Qg4 Bxf5 25. Qxf5 Ne6 26. Qxe5 Nd7 27.
Qe3+ Kc7 28. Rd4 h5 29. f4 Rg8 30. f5 Qg7 31. Rxd7+ Kxd7 32. fxe6+ Ke7 33. g3 h4
34. Rf1 Rf8 35. Qc5+ Ke8 36. Qh5+ Ke7 37. Qxh4+ Kxe6 38. Qe4+ Kd7 39. Rd1+ Kc8
40. Qe6+ Kb8 41. Rd7 Qf6 42. Qxf6 Rxf6 43. h4 Rg6 44. Kg2 Kc8 45. Rh7 Rd6 46.
Rf7 a5 47. h5 b5 48. b4 a4 49. g4 Rd2+ 50. Rf2 Rd3 51. h6 Rd8 52. g5 Rg8 53. Rf5
Kd7 54. h7 Rh8 55. g6 Ke6 56. g7 Rxh7 57. g8=Q+ Kxf5 58. Qxh7+ Ke5 59. Kf3 Kd5
60. Qd7+ Ke5 61. Qxc6 Kf5 62. Qxb5+ Ke6 63. Kf4 Kd6 64. Kf5 Ke7 65. Qc6 Kf7 66.
Qe6+ 1-0

[Event "Challenge"]
[Site "http://www.queenalice.com/game.php?id=901971"]
[Date "2011.2.17"]
[Round "-"]
[White "Andrei_78"]
[Black "sycv"]
[Result "0-1"]
[WhiteElo "1704"]
[BlackElo "1605"]

1. e4 e5 2. Nf3 Nc6 3. a3 Nf6 4. d3 h6 5. Be2 Bc5 6. O-O O-O 7. b4 Bb6 8. Bb2 d6
9. Nc3 a6 10. h3 Be6 11. Bc1 Ne7 12. Bb2 Nd7 13. Nh2 c6 14. Na4 Ba7 15. c4 b5
16. cxb5 cxb5 17. Nc3 Ng6 18. Bh5 Qg5 19. Bc1 Qf6 20. Bxg6 fxg6 21. Qe2 Rac8 22.
Bb2 Bd4 23. Nd1 Bxb2 24. Nxb2 Bb3 25. Nf3 Rc2 26. Qe3 d5 27. Nd1 d4 28. Qe1 Nb6
29. Nb2 Rxb2 30. Nd2 Be6 31. Nf3 Na4 32. Qc1 Rc8 33. Rd1 Rxc1 34. Rdxc1 Nc3 35.
Re1 Bxh3 36. Kh2 Bg4 37. Kg3 Qf4+ 38. Kh4 g5+ 0-1

[Event "Challenge"]
[Site "http://www.queenalice.com/game.php?id=902390"]
[Date "2011.2.18"]
[Round "-"]
[White "Andrei_78"]
[Black "sycv"]
[Result "0-1"]
[WhiteElo "1695"]
[BlackElo "1578"]

1. e4 e5 2. Nf3 Nc6 3. a3 a6 4. Bd3 Nf6 5. O-O Bc5 6. b4 Ba7 7. Bb2 d6 8. Ng5
Bg4 9. Nf3 h5 10. h3 Be6 11. Qe2 Ng4 12. Nh2 Qh4 13. Nf3 Qf6 14. hxg4 hxg4 15.
Nh2 Qh4 16. Bxe5 Qxh2+ 17. Bxh2 O-O-O 18. g3 Ne5 19. Nc3 Nf3+ 20. Kh1 Rxh2# 0-1

[Event "Challenge"]
[Site "http://www.queenalice.com/game.php?id=907737"]
[Date "2011.3.2"]
[Round "-"]
[White "sycv"]
[Black "genethetrucker"]
[Result "1-0"]
[WhiteElo "1625"]
[BlackElo "1606"]

1. e4 c5 2. Nf3 Nc6 3. Bc4 g6 4. O-O Bg7 5. c3 d6 6. Ng5 Nf6 7. Nxf7 Qd7 8. Nxh8
Ne5 9. Bb3 b6 10. d4 cxd4 11. Qxd4 Bxh8 12. Bh6 Bb7 13. Nd2 Nc6 14. Qc4 Ne5 15.
Qe6 Qxe6 16. Bxe6 Nxe4 17. Nxe4 Bxe4 18. f3 Bd3 19. Rfe1 a5 20. Rad1 Ra7 21. f4
Bc4 22. fxe5 Bxe5 23. Bxc4 Rc7 24. Bb5+ Kd8 25. Rxe5 1-0